5HLuxD.jpg

KING HENRY VIII SENIOR AND PRIMARY SCHOOL LIBRARY OPAC

Tales from a not-so-glam TV star : (Record no. 2040)

000 -LEADER
fixed length control field 01275cam a2200313 i 4500
001 - CONTROL NUMBER
control field 005465732
003 - CONTROL NUMBER IDENTIFIER
control field OSt
005 - DATE AND TIME OF LATEST TRANSACTION
control field 20230302151239.0
008 - FIXED-LENGTH DATA ELEMENTS--GENERAL INFORMATION
fixed length control field 141126s2014 nyua c 000 1 eng
010 ## - LIBRARY OF CONGRESS CONTROL NUMBER
LC control number 2014002146
020 ## - INTERNATIONAL STANDARD BOOK NUMBER
International Standard Book Number 9781442487673
Qualifying information (hbk.)
040 ## - CATALOGING SOURCE
Original cataloging agency NCNU
Language of cataloging eng
Transcribing agency NCNU
Modifying agency NCNU
-- KH8
Description conventions AACR2
042 ## - AUTHENTICATION CODE
Authentication code nbic
082 00 - DEWEY DECIMAL CLASSIFICATION NUMBER
Classification number FIC RUS
Edition number 23
100 1# - MAIN ENTRY--PERSONAL NAME
Personal name Russell, Rachel Renee.
Relator term author
245 10 - TITLE STATEMENT
Title Tales from a not-so-glam TV star :
Remainder of title with Nikki Russell and Erin Russell /
Statement of responsibility, etc. Rachel Renée Russell.
250 ## - EDITION STATEMENT
Edition statement First Aladdin hardcover edition.
260 ## - PUBLICATION, DISTRIBUTION, ETC.
Place of publication, distribution, etc. New York :
Name of publisher, distributor, etc. Simon & Schuster,
Date of publication, distribution, etc. 2014.
300 ## - PHYSICAL DESCRIPTION
Extent 320 p. :
Other physical details illustrations ;
Dimensions 21 cm.
490 0# - SERIES STATEMENT
Series statement Dork diaries ;
Volume/sequential designation 7.
520 ## - SUMMARY, ETC.
Summary, etc. "Nikki is in the spotlight. A reality TV crew will follow her and her friends for the whole month of March as they record their hit song together. But will the excitement also cause unexpected problems, now that cameras are everywhere Nikki and her friends go?"--
Assigning source Provided by publisher.
521 1# - TARGET AUDIENCE NOTE
Target audience note Ages 9-13.
650 #1 - SUBJECT ADDED ENTRY--TOPICAL TERM
Topical term or geographic name entry element Reality television programs
Form subdivision Fiction.
650 #1 - SUBJECT ADDED ENTRY--TOPICAL TERM
Topical term or geographic name entry element Sound recordings
General subdivision Production and direction
Form subdivision Fiction.
650 #1 - SUBJECT ADDED ENTRY--TOPICAL TERM
Topical term or geographic name entry element Bands (Music)
Form subdivision Fiction.
650 #1 - SUBJECT ADDED ENTRY--TOPICAL TERM
Topical term or geographic name entry element Friendship
Form subdivision Fiction.
650 #1 - SUBJECT ADDED ENTRY--TOPICAL TERM
Topical term or geographic name entry element Diaries
Form subdivision Fiction.
942 ## - ADDED ENTRY ELEMENTS (KOHA)
Source of classification or shelving scheme
Koha item type Books - Fiction
Holdings
Withdrawn status Lost status Source of classification or shelving scheme Damaged status Not for loan Collection code Permanent Location Current Location Shelving location Date acquired Total Checkouts Full call number Barcode Date last seen Date last checked out Price effective from Koha item type
          Fiction KH8 Primary School Library KH8 Primary School Library Fiction 2023-03-02 2 FIC RUS KHPL000003754 2025-12-05 2023-03-27 2023-03-02 Books - Fiction
          Fiction KH8 Primary School Library KH8 Primary School Library Fiction 2023-11-01 29 FIC RUS KHPL000004337 2026-01-14 2026-01-07 2023-11-01 Books - Fiction

Powered By KH8 IT Dept